Normal view MARC view

Entry Personal Name

Number of records used in: 1

001 - CONTROL NUMBER

  • control field: 9999

003 - CONTROL NUMBER IDENTIFIER

  • control field: DLC

005 - DATE AND TIME OF LATEST TRANSACTION

  • control field: 20231204134725.0

008 - FIXED-LENGTH DATA ELEMENTS

  • fixed length control field: 861231n| azannaabn |n aaa

010 ## - LIBRARY OF CONGRESS CONTROL NUMBER

  • LC control number: n 85256425

035 ## - SYSTEM CONTROL NUMBER

  • System control number: (OCoLC)oca01754378

040 ## - CATALOGING SOURCE

  • Original cataloging agency: DLC
  • Language of cataloging: eng
  • Description conventions: rda
  • Transcribing agency: DLC
  • Modifying agency: Uk
  • Modifying agency: DLC
  • Modifying agency: DNLM

046 ## - SPECIAL CODED DATES

  • Birth date: 1939-04-24
  • Death date: 2015-02-26
  • Source of date scheme: edtf

100 1# - HEADING--PERSONAL NAME

  • Personal name: Kosambi, Meera

370 ## - ASSOCIATED PLACE

  • Other associated place: Mumbai (India)
  • Source of term: naf

372 ## - FIELD OF ACTIVITY

  • Field of activity: Women's studies

373 ## - ASSOCIATED GROUP

  • Associated group: Research Centre for Women's Studies, S.N.D.T. Women's University

374 ## - OCCUPATION

  • Occupation: Sociologists
  • Source of term: lcsh

375 ## - GENDER

  • Gender: Females
  • Source of term: lcdgt

377 ## - ASSOCIATED LANGUAGE

  • Language code: eng

670 ## - SOURCE DATA FOUND

  • Source citation: Bombay in transition, 1986:
  • Information found: t.p. (Meera Kosambi)

670 ## - SOURCE DATA FOUND

  • Source citation: Mahatma Gandhi and Prema Kantak, 2013:
  • Information found: title page (Meera Kosambi) jacket (is a sociologist and has worked extensively in the fields of urban soliology, womne's studies, and nineteenth-century feminist social history of Maharashtra. She retired as Professor and Director of the Research Centre for Women's Studies, S.N.D.T. Women's University, Mumbai)

670 ## - SOURCE DATA FOUND

  • Source citation: A fragmented feminism, 2020:
  • Information found: p. ix (Meera Kosambi (1939-2005))

670 ## - SOURCE DATA FOUND

  • Source citation: Wikipedia, February 11, 2020
  • Information found: (Meera Kosambi (24 April 1939 - 26 February 2015) was a prominent Indian sociologist)
  • Uniform Resource Identifier: https://en.wikipedia.org/wiki/Meera_Kosambi

Powered by Koha